000 01906nam a2200541 i 4500
001 30655
003 KOSZ 005
005 20201029131028.0
008 980702s1995 pl a f |000 0 pol
015 _aUWD 1996/13119
020 _a8386676442
035 _a991004318359705066
035 _a(PL-WaBN)b11142844-48omnis_nlop
035 _ab11142844
035 _a(OCoLC)69287559
035 _a(PL)b0000001114284
035 _a(EXLNZ-48OMNIS_NETWORK)9910217967305606
040 _aWA N
_cWA N
_dKOSZ 005/EG
080 _a614.87
080 _a616
080 _a504.5
080 _a54
100 1 _aSzymczak, Wiesław
_eAutor
245 1 0 _aSzacowanie ryzyka zdrowotnego związanego z zanieczyszczeniem środowiska /
_c[aut. oprac. Wiesław Szymczak, Neonila Szeszenia-Dąbrowska] ; Państwowa Inspekcja Ochrony Środowiska.
260 _aWarszawa :
_bPIOŚ ;
_aŁódź :
_b"MA",
_c1995.
300 _a117 s. :
_bwykr. ;
_c24 cm.
336 _aTekst
_btxt
_2rdacontent
337 _aBez urządzenia pośredniczącego
_bn
_2rdamedia
338 _aWolumin
_bnc
_2rdacarrier
380 _aKsiążki
388 _a1901-2000
388 _a1989-2000
490 1 _aBiblioteka Monitoringu Środowiska
504 _aBibliogr. s. 72-74, 97-98, 116-117.
650 7 _aDegradacja środowiska
_2DBN
650 7 _aNowotwory
_2DBN
650 7 _aGeneza
_2DBN
650 7 _aRyzyko zdrowotne
_2DBN
650 7 _aZwiązki aromatyczne
_2DBN
658 _aOchrona środowiska
658 _aMedycyna i zdrowie
700 1 _aSzeszenia-Dąbrowska, Neonila
_eAutor
710 2 _aPaństwowa Inspekcja Ochrony Środowiska
_4pbl
830 0 _aBiblioteka Monitoringu Środowiska
856 _uhttp://koha.tu.koszalin.pl/cgi-bin/koha/opac-detail.pl?biblionumber=30655
_yKatalog online BPK
942 _2UKD
_cKS
999 _c30655
_d30655